|
|
|
|
| LEADER |
00880nam a2200241 a 4500 |
| 001 |
GR-MES3454 |
| 008 |
991111s1997 enk 000 b eng d |
| 020 |
|
|
|a 0761956522
|
| 040 |
|
|
|a GrPaTEI
|b gre
|c GR-PaULI
|
| 245 |
0 |
0 |
|a Political economy of modern capitalism :
|b mapping convergence and diversity.
|
| 260 |
|
|
|a London :
|b Sage,
|c 1997
|
| 300 |
|
|
|a ix,212σ.
|
| 500 |
|
|
|a bibliography:p(192-200) and index
|
| 650 |
|
4 |
|a Καπιταλισμός
|
| 650 |
|
4 |
|a Οικονομία
|
| 650 |
|
4 |
|a Πολιτική οικονομία
|
| 700 |
1 |
|
|a Crouch, C.
|
| 700 |
1 |
|
|a Streeck, W.
|
| 710 |
0 |
|
|a Sage
|
| 942 |
|
|
|2 ddc
|
| 952 |
|
|
|0 0
|1 0
|2 ddc
|4 0
|6 330_122000000000000_CRO
|7 0
|9 268037
|a MSLG
|b MSLG
|c BSC
|d 2021-01-17
|e 24
|f 0
|g 0.00
|l 0
|o 330.122 CRO
|p 2420000011932
|r 2021-01-17 00:00:00
|t 1
|w 2021-01-17
|y BK15
|x 19991111 0 1
|x GrPaTEI
|
| 971 |
|
|
|a .b25744999
|b 15-04-20
|c 13-09-16
|
| 999 |
|
|
|c 154380
|d 154380
|